banner koha

Heranca da resistencia da linhagem AND-277 de feijoeiro-comum a raca 63-23 de Phaeoisariopsis griseola e identificacao de marcador RAPD ligado ao gene de resistencia (Registro n. 161714)

MARC details
000 -LÍDER
campo de controle de tamanho fixo 01089nas a2200349 4500
001 - NÚMERO DE CONTROLE
campo de controle BR9902775
003 - IDENTIFICADOR DO NÚMERO DE CONTROLE
campo de controle BR-BrBNA
005 - DATA E HORÁRIO DA ÚLTIMA TRANSAÇÃO
campo de controle 20231205101422.0
007 - CAMPO FIXO DE DESCRIÇÃO FÍSICA--INFORMAÇÃO GERAL
campo de controle de tamanho fixo ta
008 - CAMPO DE DADOS FIXOS--INFORMAÇÃO GERAL
campo de controle de tamanho fixo 230509b bl.|||p| |||| 00| 00por d
040 ## - FONTE DA CATALOGAÇÃO
Instituição da catalogação original BR-BrBNA
Idioma da catalogação por
Instituição que transcreveu o registro Biblioteca Nacional de Agricultura
041 ## - CÓDIGO DE IDIOMA
Código do idioma do texto/trilha sonora ou título diferente (Pt)
072 ## - CÓDIGO DE CATEGORIA DE ASSUNTO
Código de Categoria de Assunto H20; F30
100 1# - ENTRADA PRINCIPAL--NOME PESSOAL
Nome pessoal Carvalho, G.A.
100 1# - ENTRADA PRINCIPAL--NOME PESSOAL
Nome pessoal Paula Junior, T.J.
100 1# - ENTRADA PRINCIPAL--NOME PESSOAL
Nome pessoal Alzate-Marin, A.L.
100 1# - ENTRADA PRINCIPAL--NOME PESSOAL
Nome pessoal Nietsche, S.
100 1# - ENTRADA PRINCIPAL--NOME PESSOAL
Nome pessoal Barros, E.G.
100 1# - ENTRADA PRINCIPAL--NOME PESSOAL
Nome pessoal Moreira, M.A.
245 1# - TÍTULO
Título Heranca da resistencia da linhagem AND-277 de feijoeiro-comum a raca 63-23 de Phaeoisariopsis griseola e identificacao de marcador RAPD ligado ao gene de resistencia
650 ## - ASSUNTO--TERMO TÓPICO
Cabeçalho tópico ou nome geográfico Feijao
650 ## - ASSUNTO--TERMO TÓPICO
Cabeçalho tópico ou nome geográfico Mancha Angular
650 ## - ASSUNTO--TERMO TÓPICO
Cabeçalho tópico ou nome geográfico Variedade Resistente
650 ## - ASSUNTO--TERMO TÓPICO
Cabeçalho tópico ou nome geográfico Area Foliar
650 ## - ASSUNTO--TERMO TÓPICO
Cabeçalho tópico ou nome geográfico Linhagem
650 ## - ASSUNTO--TERMO TÓPICO
Cabeçalho tópico ou nome geográfico Variedade
650 ## - ASSUNTO--TERMO TÓPICO
Cabeçalho tópico ou nome geográfico Cruzamento Vegetal
650 ## - ASSUNTO--TERMO TÓPICO
Cabeçalho tópico ou nome geográfico Gene
773 0# - ENTRADA ANALÍTICA
Título Fitopatologia Brasileira (Brazil)
ISSN - International Standard Serial Number ISSN 0100-4158
Partes relacionadas (Dec 1998), v. 23(4) p. 482-485
Número de controle do registro BR9902775
909 ## -
-- 202311
-- Lúcia
-- 55
-- Lúcia Elande
942 ## - ELEMENTOS DE ENTRADA ADICIONADOS (KOHA)
Fonte da classificação ou esquema de arquivamento na estante Classificação AGRIS
Ocultar no OPAC Não
Tipo de material Koha Analítica
Exemplares
Situação do descarte Fonte da classificação ou esquema de arquivamento na estante Situação física Não pode ser emprestado Biblioteca de origem Biblioteca atual Localização na estante Enumeração do periódico / cronologia Total de empréstimos Data de último acesso Número do exemplar Tipo de material Koha Fonte de aquisição
  Classificação AGRIS   Consulta local Biblioteca Nacional de Agricultura - Binagri Biblioteca Nacional de Agricultura - Binagri   (Dec 1998), v. 23(4) p. 482-485   29/11/2023 01 Periódicos Portaria Interministerial nº 164/94

BINAGRI

Telefone: (61)3218-2567/2388/3357/2097 - binagri@agro.gov.br

Ministério da Agricultura e Pecuária , Esplanada dos Ministérios, Bloco D, Anexo B, Brasília/DF, CEP: 70.043-900